000 00944cam a22002897a 4500
003 CHAP
005 20220329141424.0
008 971013s r 00010 d
010 _a67887
011 _a68859
035 _a78333
040 _cCHAP
090 _aR-2826
100 0 0 _aGostynska - Jakuszewska, Maria.
_950076
245 0 _aStudio nad systemalyka rozmieszczniem i zmiennoscia glogow wystepujacychch W Polsce (I)
500 _aSobretiro de: Rocznik dendrologiczny 31: 5-16, 1978
590 _aBATCH-UPD
_b10
_c20130110
_lUCH01
_h0502
590 _aBATCH-UPD
_b10
_c20130110
_lUCH01
_h2231
590 _aBATCH-UPD
_b10
_c20130410
_lUCH01
_h0140
590 _aBATCH-UPD
_b10
_c20130914
_lUCH01
_h2043
590 _aCONVERSION
_b10
_c20130109
_lUCH01
_h1337
650 1 4 _aTejocote
_xClasificación.
_9112039
650 1 4 _aTejocote
_xPolonia.
_9112064
901 _aBK
942 _cREIMP
949 _aR-2826
_bBC
_cR
_d-31207
_eTS1
_i78333
_si
999 _c67887
_d67887